| 000 | 00759nam a2200217Ia 4500 | ||
|---|---|---|---|
| 003 | OSt | ||
| 005 | 20240715140708.0 | ||
| 008 | 210210b2019 xxu||||| |||| 00| 0 eng d | ||
| 020 | _a9788192866635 | ||
| 040 |
_aAL _c |
||
| 041 | _aKannada | ||
| 082 | _a398.356K TUKB | ||
| 100 |
_aTUKARAM PUJARI _929408 _dತುಕಾರಾಂ ಪೂಜಾರಿ |
||
| 245 |
_aBautika shodha: svarupa mattu tatvikate _bಭೌತಿಕ ಶೋಧ: ಸ್ವರೂಪ ಮತ್ತು ತಾತ್ವಿಕತೆ |
||
| 260 |
_aBantvala _bRani Abbakka tulu Adhyayana Kendra _c2019 |
||
| 300 | _axiv,118 | ||
| 690 |
_aFolklore _929414 |
||
| 700 |
_aASHALATA SUVARNA (E S) _929415 _dಆಶಾಲತಾ ಸುವರ್ಣ (ಇಎಸ್) |
||
| 906 | _a073479 | ||
| 942 |
_2ddc _cBK |
||
| 999 |
_c123307 _d123307 |
||